[Event "European Blitz 2015"]
[Site "Minsk BLR"]
[Date "2015.12.18"]
[Round "9.31"]
[White "Ambartsumova, Karina"]
[Black "Kulaots, Kaido"]
[Result "1-0"]
[WhiteTitle "WGM"]
[BlackTitle "GM"]
[WhiteElo "2267"]
[BlackElo "2574"]
[WhiteFideId "4166299"]
[BlackFideId "4500261"]
[EventDate "2015.12.18"]
[EventType "swiss (blitz)"]

1. e4 c5 2. Nf3 d6 3. d4 cxd4 4. Nxd4 Nf6 5. Nc3 a6 6. Be3 Ng4 7. Bc1 Nf6 8. Be3
e6 9. Qf3 Nbd7 10. Be2 Qc7 11. g4 Ne5 12. Qg2 Nfd7 13. f4 Nc4 14. Bxc4 Qxc4 15.
O-O-O b5 16. e5 Rb8 17. Qd2 dxe5 18. fxe5 Bb4 19. Nb3 Bxc3 20. Qxc3 O-O 21. Bd4
Bb7 22. Rhf1 Bd5 23. Qxc4 Bxc4 24. Rf2 Nb6 25. Kb1 Bd5 26. Nc5 a5 27. Na6 Rb7
28. Nc5 Rbb8 29. Na6 Rb7 30. Nc5 Rbb8 31. Na6 Rb7 32. Nc5 Re7 33. Nb3 Na4 34.
Nxa5 Rc8 35. Nb3 Rec7 36. c3 Rc6 37. Rf4 h6 38. h4 Nb6 39. g5 h5 40. Na5 Nc4 41.
Nxc6 Rxc6 42. b3 Na5 43. Kb2 Kh7 44. Rxf7 Kg6 45. Rf4 Nb7 46. Rdf1 Ra6 47. Rf8
Na5 48. Rd8 Nc6 49. Rd6 Ra8 50. Ra1 Rb8 51. Rf1 Ra8 52. Rd7 b4 53. Rff7 bxc3+
54. Bxc3 Rg8 55. Rc7 Nd8 56. Rfd7 Be4 57. Rc8 Rh8 1-0

[Event "European Blitz 2015"]
[Site "Minsk BLR"]
[Date "2015.12.18"]
[Round "9.32"]
[White "Popov, Valerij"]
[Black "Nozdrachev, Leonid"]
[Result "1-0"]
[WhiteTitle "GM"]
[BlackTitle "FM"]
[WhiteElo "2528"]
[BlackElo "2413"]
[WhiteFideId "4119410"]
[BlackFideId "24113433"]
[EventDate "2015.12.18"]
[EventType "swiss (blitz)"]

1. Nf3 Nf6 2. c4 g6 3. Nc3 Bg7 4. e4 d6 5. d4 O-O 6. Be2 e5 7. Be3 Ng4 8. Bg5 f6
9. Bh4 Nc6 10. d5 Ne7 11. Nd2 Nh6 12. f3 f5 13. b4 Bf6 14. Bf2 Bg5 15. c5 Bxd2+
16. Qxd2 f4 17. O-O-O a5 18. a3 Nf7 19. Kb2 axb4 20. axb4 dxc5 21. bxc5 b6 22.
c6 Ba6 23. Bxa6 Rxa6 24. Qe2 Ra5 25. Ra1 Qd6 26. Rxa5 Qb4+ 27. Kc2 Qxa5 28. Qb5
Qa3 29. Qb2 Qxb2+ 30. Kxb2 Nd6 31. Ra1 Nc4+ 32. Kb3 Na5+ 33. Kc2 Rc8 34. Nb5 Kf7
35. Ra4 Kf8 36. Be1 Naxc6 37. dxc6 1-0

[Event "European Blitz 2015"]
[Site "Minsk BLR"]
[Date "2015.12.18"]
[Round "9.33"]
[White "Putka, Verners"]
[Black "Goganov, Aleksey"]
[Result "1/2-1/2"]
[BlackTitle "GM"]
[WhiteElo "2307"]
[BlackElo "2597"]
[WhiteFideId "11600659"]
[BlackFideId "24109959"]
[EventDate "2015.12.18"]
[EventType "swiss (blitz)"]

1. d4 Nf6 2. Nc3 d5 3. Bf4 a6 4. e3 Bf5 5. Bd3 Bxd3 6. cxd3 e6 7. Nge2 Nc6 8.
O-O Be7 9. Rc1 O-O 10. a3 Nd7 11. e4 Nb6 12. Na4 Nxa4 13. Qxa4 Qd7 14. Rfd1 Rfd8
15. Qb3 Rab8 16. h3 Bf6 17. e5 Be7 18. Qc3 a5 19. Qb3 b5 20. Qc2 Rb6 21. Qd2 a4
22. Bg5 Bxg5 23. Qxg5 Rdb8 24. Rc5 Ne7 25. Rdc1 c6 26. Nf4 h6 27. Qg4 Nf5 28.
Nh5 Kh8 29. Qf4 Rf8 30. Ng3 Nxg3 31. Qxg3 Rc8 32. Qf3 b4 33. axb4 Rxb4 34. Ra5
Kg8 35. Qe3 Qb7 36. Kh2 Qb6 37. Rcc5 Rxb2 38. Rxa4 Rb1 39. Ra2 Qb3 40. Rac2 Qb6
41. Qf4 Rb3 42. Qe3 Qa6 43. R5c3 Rxc3 44. Rxc3 Rb8 45. Qc1 Rb6 46. Qe3 Qb7 47.
Rc5 Qa6 48. f4 Rb3 49. f5 Qxd3 50. Qxd3 Rxd3 51. fxe6 fxe6 52. Rxc6 Kf7 53. Rc7+
Kf8 54. Rc6 Kf7 55. Rc7+ Kg6 56. Re7 Kf5 57. Rxg7 Rxd4 58. Rh7 Kxe5 59. Rxh6 Rf4
60. g4 d4 61. Rh5+ Ke4 62. Rh6 e5 63. Rd6 d3 64. g5 Ke3 65. g6 Rd4 66. Rxd4 exd4
67. g7 d2 68. g8=Q d1=Q 69. Qg5+ Kd3 70. Qb5+ Kd2 71. Qb4+ Ke2 72. Qb5+ Qd3 73.
Qh5+ Qf3 74. Qb5+ d3 75. h4 Ke1 76. Qb1+ Qd1 77. Qxd1+ Kxd1 78. h5 d2 79. h6 Ke2 1/2-1/2

[Event "European Blitz 2015"]
[Site "Minsk BLR"]
[Date "2015.12.18"]
[Round "9.34"]
[White "Dzhangobegov, Vladimir"]
[Black "Dzhumagaliev, Yan"]
[Result "0-1"]
[WhiteTitle "FM"]
[BlackTitle "FM"]
[WhiteElo "2314"]
[BlackElo "2400"]
[WhiteFideId "4180984"]
[BlackFideId "24100110"]
[EventDate "2015.12.18"]
[EventType "swiss (blitz)"]

1. e4 c5 2. Nc3 Nc6 3. Nf3 e6 4. d4 cxd4 5. Nxd4 a6 6. Be3 Nf6 7. Qf3 Qa5 8. Bd3
Ba3 9. Nxc6 bxc6 10. Bd2 Bxb2 11. Nd1 Qe5 12. Rb1 Bd4 13. c3 Ba7 14. Bf4 Qh5 15.
Bd6 Qxf3 16. gxf3 Kd8 17. Rg1 Ne8 18. Bb4 d6 19. Ba5+ Ke7 20. Ne3 g6 21. Ke2 Nf6
22. f4 Nd7 23. f5 Ne5 24. f4 Nxd3 25. Kxd3 Rb8 26. Rxb8 Bxb8 27. Rb1 Ba7 28.
fxe6 fxe6 29. Nc4 Rf8 30. Bb4 c5 31. Ba5 Kd7 32. Rf1 Bb7 33. e5 dxe5 34. Nxe5+
Ke7 35. Rb1 Bg2 36. Ke3 c4+ 37. Ke2 Rxf4 38. Rb7+ Bxb7 0-1

[Event "European Blitz 2015"]
[Site "Minsk BLR"]
[Date "2015.12.18"]
[Round "9.35"]
[White "Romanov, Evgeny"]
[Black "Fargere, Francois"]
[Result "1-0"]
[WhiteTitle "GM"]
[BlackTitle "GM"]
[WhiteElo "2590"]
[BlackElo "2424"]
[WhiteFideId "4148843"]
[BlackFideId "615935"]
[EventDate "2015.12.18"]
[EventType "swiss (blitz)"]

1. d4 d5 2. Nf3 Nf6 3. c4 c6 4. Nc3 dxc4 5. a4 Bf5 6. e3 e6 7. Bxc4 Nbd7 8. O-O
Bb4 9. Qb3 a5 10. Nh4 Bg4 11. f3 Bh5 12. g4 Nd5 13. Ng2 Bg6 14. e4 N5b6 15. Be2
h6 16. Be3 O-O 17. Rad1 Qe7 18. h4 Rac8 19. g5 hxg5 20. hxg5 c5 21. d5 exd5 22.
Nxd5 Nxd5 23. Qxd5 Nb6 24. Qa2 Qe6 25. Qxe6 fxe6 26. b3 Rfd8 27. Nf4 Bf7 28. g6
Be8 29. Rxd8 Rxd8 30. Nxe6 Rc8 31. Nf4 Bc3 32. Rd1 Be5 33. Nd5 Nxd5 34. Rxd5 Bf6
35. Bc4 Kf8 36. Bf4 Bxg6 37. Rd7 b6 38. Bd6+ Ke8 39. Rb7 Kd8 40. e5 Bg5 41. e6
Rc6 42. Rb8+ Rc8 43. e7+ Bxe7 44. Bxe7+ Kc7 45. Bd6+ Kd7 46. Rxb6 Ra8 47. Bb5+
Ke6 48. Bxc5+ Kf5 49. Bd3+ Kf4 50. Rxg6 Rc8 51. Bd6+ Ke3 52. Be4 Rc1+ 53. Kg2
Ra1 54. Bc5+ Ke2 55. Rd6 g5 56. Bd3+ Ke1 57. Bb6 Ra2+ 58. Kg3 Kd2 59. Bxa5+ Ke3
60. Be4 Ra1 61. Bb6+ Ke2 62. a5 Rh1 63. a6 g4 64. Kxg4 Rh8 65. a7 Kf1 1-0

[Event "European Blitz 2015"]
[Site "Minsk BLR"]
[Date "2015.12.18"]
[Round "9.36"]
[White "Kovalev, Vladislav"]
[Black "Savitskiy, Sergey"]
[Result "0-1"]
[WhiteTitle "GM"]
[BlackTitle "FM"]
[WhiteElo "2546"]
[BlackElo "2365"]
[WhiteFideId "13504398"]
[BlackFideId "24105660"]
[EventDate "2015.12.18"]
[EventType "swiss (blitz)"]

1. d4 Nf6 2. Nc3 g6 3. e4 d6 4. Nf3 Bg7 5. h3 O-O 6. Be2 Nbd7 7. Be3 e5 8. dxe5
dxe5 9. O-O c6 10. a4 Qe7 11. a5 Nc5 12. Nd2 Rd8 13. Qb1 Ne6 14. b4 Nf4 15. Re1
Bh6 16. Nb3 N6h5 17. Bf1 Qh4 18. Kh2 Bxh3 19. gxh3 Nxh3 20. Bxh3 Bxe3 21. fxe3
Qg3+ 22. Kh1 Qxh3+ 23. Kg1 Ng3 24. Re2 Nxe2+ 25. Nxe2 Qxe3+ 26. Kf1 Qxe4 27. Qe1
Qxc2 28. Nc5 Qf5+ 29. Qf2 Qxf2+ 30. Kxf2 b6 31. Ne4 Kg7 32. Rc1 Rac8 33. a6 h6
34. N4c3 f5 35. Re1 Kf6 36. Nc1 e4 37. N3e2 g5 38. Rh1 Kg6 39. Nc3 Rd4 40. N1e2
Rd3 41. Rc1 Re8 42. Nd1 Re6 43. Nb2 Rd7 44. Rc4 f4 45. Nd4 Red6 46. Nxc6 Rd2+
47. Ke1 Kf5 48. Nb8 R7d6 49. Rc8 Rxb2 50. Nc6 f3 51. Ne7+ Kg4 52. Rc3 Rd3 53.
Rc4 Ra3 54. Rxe4+ Kh3 55. Kf1 Ra1+ 56. Re1 Rxe1+ 0-1

[Event "European Blitz 2015"]
[Site "Minsk BLR"]
[Date "2015.12.18"]
[Round "9.37"]
[White "Meribanov, Vitaly"]
[Black "Mikhalevski, Victor"]
[Result "0-1"]
[WhiteTitle "IM"]
[BlackTitle "GM"]
[WhiteElo "2392"]
[BlackElo "2535"]
[WhiteFideId "13504363"]
[BlackFideId "2801914"]
[EventDate "2015.12.18"]
[EventType "swiss (blitz)"]

1. e4 e5 2. Nf3 Nc6 3. Bb5 g6 4. O-O Bg7 5. c3 a6 6. Ba4 Nge7 7. d4 exd4 8. cxd4
b5 9. Bb3 d6 10. Nc3 O-O 11. h3 Na5 12. Bc2 c5 13. Bg5 h6 14. Bh4 g5 15. Bg3 Nc4
16. b3 Na3 17. Rc1 Bb7 18. Bd3 f5 19. exf5 Nxf5 20. Be4 Nxg3 21. fxg3 d5 22. Bd3
c4 23. Be2 Qb6 24. Kh2 Rae8 25. Ne5 Rxf1 26. Qxf1 Bxe5 27. dxe5 Rxe5 28. Bh5 Qe6
29. Rd1 Nc2 30. Qf2 Ne3 31. Rd4 Kg7 32. b4 Qf6 33. Bf3 h5 34. g4 hxg4 35. hxg4
Re8 36. Kg1 Qxd4 0-1

[Event "European Blitz 2015"]
[Site "Minsk BLR"]
[Date "2015.12.18"]
[Round "9.38"]
[White "Gritsenko, Nikolai"]
[Black "Milov, Vadim"]
[Result "0-1"]
[WhiteTitle "FM"]
[BlackTitle "GM"]
[WhiteElo "2309"]
[BlackElo "2615"]
[WhiteFideId "14112493"]
[BlackFideId "1304364"]
[EventDate "2015.12.18"]
[EventType "swiss (blitz)"]

1. d4 Nf6 2. c4 g6 3. c5 d6 4. cxd6 exd6 5. Nc3 Bg7 6. e4 O-O 7. f3 c5 8. d5 a6
9. a4 Nbd7 10. Nge2 h5 11. Nf4 Ne5 12. Be2 Nh7 13. O-O f5 14. exf5 Bxf5 15. Ne6
Bxe6 16. dxe6 Re8 17. f4 Nc6 18. f5 gxf5 19. Bc4 Qh4 20. Rf4 Qg5 21. Nd5 Ne5 22.
Ba2 Rac8 23. Qf1 Qg6 24. Rxf5 c4 25. e7 Rc5 26. Bb1 Qg4 27. h3 Qd4+ 28. Ne3 Rxe7
29. Rxh5 Nd3 30. Rxh7 Kxh7 0-1

[Event "European Blitz 2015"]
[Site "Minsk BLR"]
[Date "2015.12.18"]
[Round "9.39"]
[White "Harutjunyan, Gevorg"]
[Black "Savenkov, Konstantin"]
[Result "1-0"]
[WhiteTitle "GM"]
[BlackTitle "FM"]
[WhiteElo "2436"]
[BlackElo "2325"]
[WhiteFideId "13300873"]
[BlackFideId "4138600"]
[EventDate "2015.12.18"]
[EventType "swiss (blitz)"]

1. e4 e6 2. Nf3 d5 3. e5 Bd7 4. d4 c5 5. dxc5 Bxc5 6. Bd3 Qb6 7. O-O Bb5 8. Nc3
Bxd3 9. Qxd3 Qc7 10. Be3 a6 11. Nd4 Nd7 12. f4 Ne7 13. Nce2 O-O 14. Rf3 Ba7 15.
Rh3 Ng6 16. Rf1 Nc5 17. Qc3 Rac8 18. f5 exf5 19. Nxf5 Qxe5 20. Qxe5 Nxe5 21.
Ne7+ Kh8 22. Nxc8 Rxc8 23. b4 Ng4 24. Bd4 1-0

[Event "European Blitz 2015"]
[Site "Minsk BLR"]
[Date "2015.12.18"]
[Round "9.40"]
[White "Tukhaev, Adam"]
[Black "Maljush, Andrej"]
[Result "1-0"]
[WhiteTitle "GM"]
[WhiteElo "2564"]
[BlackElo "2285"]
[WhiteFideId "14109476"]
[BlackFideId "13500724"]
[EventDate "2015.12.18"]
[EventType "swiss (blitz)"]

1. e4 d6 2. d4 Nf6 3. Nc3 e5 4. Nf3 Nbd7 5. Bc4 Be7 6. O-O O-O 7. a4 c6 8. Re1
Qc7 9. h3 b6 10. Ba2 a6 11. Nh4 Re8 12. Nf5 Bf8 13. d5 c5 14. Bc4 g6 15. Ng3 Bg7
16. Qd3 Nf8 17. Bd2 Qb7 18. Reb1 Qc7 19. Be3 h5 20. Nf1 N6h7 21. Qe2 Qe7 22. b4
f6 23. bxc5 bxc5 24. Bxc5 f5 25. Rb6 Nd7 26. Bxd6 Qh4 27. Rc6 Ng5 28. exf5 gxf5
29. Nh2 e4 30. Ra3 Kh7 31. Bg3 Nxh3+ 32. gxh3 Qxh3 33. Rc7 Rb8 34. Nd1 f4 35.
Bxf4 Qxa3 36. Qxh5+ 1-0

[Event "European Blitz 2015"]
[Site "Minsk BLR"]
[Date "2015.12.18"]
[Round "9.41"]
[White "Kuzin, Anton"]
[Black "Sysolyatin, Evgeny"]
[Result "0-1"]
[WhiteTitle "IM"]
[BlackTitle "FM"]
[WhiteElo "2409"]
[BlackElo "2289"]
[WhiteFideId "4148410"]
[BlackFideId "4154916"]
[EventDate "2015.12.18"]
[EventType "swiss (blitz)"]

1. d4 d5 2. Nf3 Nf6 3. Bf4 e6 4. e3 Bd6 5. Bg3 O-O 6. Nbd2 c5 7. c3 Nc6 8. Bd3
Qe7 9. Ne5 Bxe5 10. dxe5 Nd7 11. f4 f6 12. Qh5 g6 13. exf6 Nxf6 14. Qg5 Bd7 15.
O-O-O Nh5 16. Qxe7 Nxe7 17. Bh4 Nc6 18. Nf3 Rae8 19. Bc2 Bc8 20. g4 Nf6 21. Rhg1
e5 22. g5 Nh5 23. Rxd5 exf4 24. Rxc5 fxe3 25. Nd4 Nxd4 26. cxd4 Nf4 27. Kd1 Bf5
28. Bb3+ Kh8 29. Bg3 Nd3 30. Be5+ Nxe5 31. Rxe5 Rxe5 32. dxe5 Re8 33. Ke2 Rxe5
34. Rg3 Bd3+ 35. Ke1 Ba6 36. Rf3 Rxg5 37. Rxe3 Rh5 38. h3 Kg7 39. Kf2 Rf5+ 40.
Kg3 h5 41. h4 Kf6 42. Bc2 Rc5 43. Rf3+ Kg7 44. Bb3 Rc7 45. a3 Re7 46. Rc3 Re2
47. Bc2 Re6 48. b4 Be2 49. Rc7+ Kf6 50. Rxb7 a6 51. Kf4 Bc4 52. Be4 Bf1 53. a4
Rxe4+ 54. Kxe4 Bg2+ 55. Kd4 Bxb7 56. Kc5 g5 57. hxg5+ Kxg5 58. Kb6 Bc8 59. Kc7
Bf5 60. Kb6 Bd3 0-1

[Event "European Blitz 2015"]
[Site "Minsk BLR"]
[Date "2015.12.18"]
[Round "9.42"]
[White "Shukh, Nikolai"]
[Black "Babikov, Ivan"]
[Result "1/2-1/2"]
[WhiteTitle "IM"]
[BlackTitle "FM"]
[WhiteElo "2435"]
[BlackElo "2301"]
[WhiteFideId "24102580"]
[BlackFideId "4161106"]
[EventDate "2015.12.18"]
[EventType "swiss (blitz)"]

1. d4 d5 2. c4 e5 3. dxe5 d4 4. Nf3 Nc6 5. g3 Be6 6. Nbd2 Qd7 7. Bg2 Bh3 8. Kf1
O-O-O 9. a3 Nge7 10. b4 Ng6 11. e6 Bxg2+ 12. Kxg2 fxe6 13. Bb2 e5 14. Ne4 Qg4
15. Nfg5 h6 16. h3 Qf5 17. Qd3 Kb8 18. Nf3 h5 19. Neg5 Qf6 20. h4 Be7 21. Rad1
Rhe8 22. Nh7 Qe6 23. Nhg5 Bxg5 24. Nxg5 Qf6 25. Ne4 Qf5 26. Qf3 Rf8 27. Qxf5
Rxf5 28. Bc1 Nf8 29. Bg5 Re8 30. f3 Ne6 31. Bc1 Ne7 32. Rhf1 b6 33. c5 Kb7 34.
e3 Nd5 35. exd4 Nxd4 36. Rd3 Ref8 37. Bb2 Kc6 38. cxb6 axb6 39. Bxd4 exd4 40.
Rc1+ Kb7 41. Rxd4 Ne3+ 42. Kf2 Rxf3+ 43. Ke2 Ng4 44. Rd7 Re3+ 45. Kd2 Rxe4 46.
Rcxc7+ Kb8 47. Rb7+ Ka8 48. Ra7+ Kb8 49. Rdb7+ Kc8 50. Rxg7 Rd8+ 51. Kc3 Re3+
52. Kc4 Ne5+ 53. Kb5 Nd7 54. Ra8+ Kc7 55. Rxd8 Kxd8 56. a4 Re5+ 57. Kc6 Re6+ 58.
Kb7 Ne5 59. a5 bxa5 60. bxa5 Nd3 61. Rg5 Re7+ 62. Kb6 Re6+ 63. Kb7 Re7+ 64. Kc6
Ne5+ 65. Kb6 Nd7+ 66. Kc6 Re6+ 67. Kd5 Ra6 68. Kd4 Nf6 69. Kc4 Re6 70. Kb5 Kc7
71. a6 Kb8 72. Rg7 Re5+ 73. Kb6 Re6+ 74. Kb5 Nd5 75. Rg5 Nc7+ 76. Kc4 Rc6+ 77.
Kd3 Rh6 78. Ke4 Nxa6 79. Kf5 Nc7 80. Rg6 Rh8 81. Kg5 Nd5 82. Rh6 Rg8+ 83. Kxh5
Rxg3 84. Rd6 Nf4+ 85. Kh6 Kc7 86. Rf6 Rg4 87. h5 Kd7 88. Rf5 Ke6 89. Rf8 Ke7 90.
Rf5 Ke6 91. Rf8 Nd5 92. Re8+ Kf7 93. Ra8 Ne7 94. Ra7 Rg8 95. Kh7 Rg7+ 96. Kh6
Rg2 97. Rb7 Kf6 98. Rb6+ Kf7 99. Rb7 Rg3 100. Ra7 Ke8 101. Kh7 Nf5 102. h6 Rh3
103. Kg6 Nxh6 104. Rh7 Rg3+ 1/2-1/2

[Event "European Blitz 2015"]
[Site "Minsk BLR"]
[Date "2015.12.18"]
[Round "9.43"]
[White "Nazaretyan, Tigran"]
[Black "Balashov, Yuri S"]
[Result "1-0"]
[BlackTitle "GM"]
[WhiteElo "2301"]
[BlackElo "2408"]
[WhiteFideId "24162345"]
[BlackFideId "4100263"]
[EventDate "2015.12.18"]
[EventType "swiss (blitz)"]

1. d4 d6 2. Nf3 g6 3. c4 Bg7 4. Nc3 Nf6 5. e4 O-O 6. Be2 Nbd7 7. O-O e5 8. Re1
Re8 9. Bf1 c6 10. d5 c5 11. a3 Nh5 12. g3 Bf8 13. b4 b6 14. Rb1 Ng7 15. Bh3 Be7
16. Bh6 Nf6 17. Bxc8 Qxc8 18. bxc5 Qxc5 19. Qb3 Ng4 20. Be3 Nxe3 21. Rxe3 Rec8
22. Nd2 Bg5 23. Nd1 Bxe3 24. Nxe3 f5 25. Qd3 Rf8 26. Rb5 Qc7 27. f3 f4 28. Ng4
h5 29. Nf2 Rf7 30. g4 hxg4 31. Nxg4 Nh5 32. Nh6+ Kg7 33. Nxf7 Qxf7 34. Qe2 Nf6
35. Qg2 Rh8 36. a4 Rh5 37. a5 Nd7 38. axb6 axb6 39. Nf1 Qe7 40. Kh1 Rg5 41. Qh3
Rh5 42. Qe6 Qxe6 43. dxe6 Nc5 44. e7 Kf7 45. Rxb6 Rh8 46. Rxd6 Re8 47. Rd5 Ne6
48. Rxe5 Rxe7 49. Rd5 Ra7 50. Nd2 Ra1+ 51. Kg2 Ra2 52. Kh3 Kf6 53. Kg4 Ra1 54.
e5+ Ke7 55. Ne4 Rg1+ 56. Kh3 Ng5+ 57. Nxg5 Rxg5 58. Kh4 Rg2 59. Rd4 Ke6 60. Rxf4
Kxe5 61. Kh3 Rc2 62. Re4+ Kf5 63. Kg3 g5 64. h4 gxh4+ 65. Rxh4 Rc1 66. Rd4 Ke5
67. Rd5+ Kf6 68. c5 Ke6 69. Rh5 Kf6 70. Kf4 Rc4+ 71. Ke3 Ke6 72. f4 Kf6 73. Kf3
Ke6 74. Kg4 Kf6 75. Rd5 Ke6 76. Re5+ Kf6 77. Rh5 Kg6 78. Rd5 Kf6 79. Rd6+ Ke7
80. Rd5 Ke6 81. Re5+ Kf6 82. Kg3 Rc3+ 83. Kh4 Rc4 84. Kg4 Rc1 85. Rd5 Rg1+ 86.
Kf3 Rc1 87. Rh5 Rc3+ 88. Ke4 Rc4+ 89. Ke3 Rc1 90. Rh6+ Kf5 91. Rh5+ Kf6 92. Re5
Re1+ 93. Kd4 Rd1+ 94. Kc4 Rf1 95. Re4 Kf5 96. Rd4 Rc1+ 97. Kd5 1-0

[Event "European Blitz 2015"]
[Site "Minsk BLR"]
[Date "2015.12.18"]
[Round "9.44"]
[White "Shevchenko, Kirill"]
[Black "Pankov, German"]
[Result "1-0"]
[WhiteTitle "FM"]
[BlackTitle "IM"]
[WhiteElo "2373"]
[BlackElo "2404"]
[WhiteFideId "14129574"]
[BlackFideId "4174569"]
[EventDate "2015.12.18"]
[EventType "swiss (blitz)"]

1. e4 c5 2. Nf3 Nc6 3. d4 cxd4 4. Nxd4 g6 5. Nc3 Bg7 6. Be3 Nf6 7. Bc4 O-O 8.
Bb3 a5 9. O-O a4 10. Nxa4 Nxe4 11. Nb5 Ra6 12. c4 d6 13. Re1 Nf6 14. h3 Be6 15.
Qe2 Nd7 16. Rad1 Qc8 17. Rc1 Na5 18. Qd2 Nxb3 19. axb3 Nc5 20. Nxc5 dxc5 21.
Rcd1 Ra2 22. Nc3 Ra6 23. Bh6 Rd6 24. Qf4 Rfd8 25. Bxg7 Kxg7 26. Rxd6 Rxd6 27.
Ne4 Rd4 28. Qe5+ Kg8 29. Nxc5 Rd6 30. Ne4 Rd3 31. Nc5 Rd6 32. Qe3 Qc6 33. h4 h5
34. Ne4 Rd8 35. Ng5 Rd6 36. c5 Rd5 37. Nxe6 fxe6 38. Qxe6+ Qxe6 39. Rxe6 Kf7 40.
Rb6 Rxc5 41. Rxb7 Rc2 42. b4 Rxb2 43. b5 Kf6 44. b6 Kf7 45. Rb8 Kg7 46. g3 Kf7
47. Kg2 Rb3 48. Kf1 Rb2 49. Ke1 Kg7 50. b7 Kf7 51. Kd1 Kg7 52. Kc1 Rb6 53. Kc2
Kf7 54. Kc3 Kg7 55. Kc4 Kf7 56. Kd4 Rb4+ 57. Kc5 Rb2 58. f4 Rb3 59. Kc4 Rb1 60.
Kd4 Rb4+ 61. Ke3 Rb3+ 62. Kd2 Rb2+ 63. Kd3 Rb3+ 64. Kd4 Rb4+ 65. Kd5 Rb1 66. f5
gxf5 67. Ke5 Rb5+ 68. Kf4 Kg7 69. Kg5 Kf7 70. Kf4 Kg7 71. Kg5 Kf7 72. Rh8 Rxb7
73. Rxh5 Rb5 74. Rh7+ Kf8 75. h5 Rb6 76. Kxf5 Rb5+ 77. Kg4 Rb4+ 78. Kh3 e5 79.
Ra7 Kg8 80. g4 e4 81. Kg3 e3 82. Re7 Rb3 83. Kf4 Rb4+ 84. Kf3 Rb3 85. Rxe3 Rb5
86. Kf4 Kg7 87. Re7+ Kh6 88. Re6+ Kg7 89. Re5 Rb4+ 90. Kg5 Kh7 91. Re7+ Kg8 92.
Kf5 Rb5+ 93. Kf6 Rb6+ 94. Re6 Rb7 95. Re8+ 1-0

[Event "European Blitz 2015"]
[Site "Minsk BLR"]
[Date "2015.12.18"]
[Round "9.45"]
[White "Pogosian, Manvel"]
[Black "Kultiyasov, Mikhail"]
[Result "0-1"]
[WhiteElo "2382"]
[BlackElo "2273"]
[WhiteFideId "13503936"]
[BlackFideId "13504100"]
[EventDate "2015.12.18"]
[EventType "swiss (blitz)"]

1. d4 Nf6 2. Nf3 g6 3. c4 Bg7 4. g3 O-O 5. Bg2 d6 6. O-O Nc6 7. Nc3 e5 8. d5 Ne7
9. e4 Nd7 10. Ne1 f5 11. Nd3 Nf6 12. f4 fxe4 13. Nxe4 Nxe4 14. Bxe4 Bh3 15. Bg2
Bxg2 16. Kxg2 c6 17. fxe5 cxd5 18. Rxf8+ Bxf8 19. exd6 Qxd6 20. Bf4 Qe6 21. c5
Qe4+ 22. Qf3 Nf5 23. Re1 Qxf3+ 24. Kxf3 Rc8 25. b4 b6 26. Rc1 bxc5 27. bxc5 Nd4+
28. Ke3 Ne6 29. c6 Kf7 30. Ne5+ Ke8 31. Rb1 Bc5+ 32. Kd3 Bb6 33. Rb5 Nc5+ 34.
Kd4 Nd7+ 35. Kxd5 Nf6+ 36. Ke6 Ne4 37. Rd5 Nc5+ 38. Kf6 Ne4+ 39. Kg7 Rc7+ 40.
Rd7 g5 41. Bc1 Bd4 0-1

[Event "European Blitz 2015"]
[Site "Minsk BLR"]
[Date "2015.12.18"]
[Round "9.46"]
[White "Trifonov, Denis"]
[Black "Kalinin, Michail Borisovich"]
[Result "1-0"]
[WhiteTitle "FM"]
[WhiteElo "2198"]
[BlackElo "2380"]
[WhiteFideId "13501313"]
[BlackFideId "4144104"]
[EventDate "2015.12.18"]
[EventType "swiss (blitz)"]

1. d4 d5 2. Nf3 Nf6 3. Bf4 e6 4. e3 a6 5. Bd3 Nbd7 6. Nbd2 c5 7. c3 b5 8. O-O
Bb7 9. Re1 Be7 10. e4 dxe4 11. Nxe4 O-O 12. Qe2 h6 13. Rad1 Qb6 14. dxc5 Nxc5
15. Nxc5 Qxc5 16. Be5 Rfd8 17. Bd4 Qd5 18. Bxf6 Bxf6 19. Bh7+ Kxh7 20. Rxd5 Bxd5
21. Ne5 Kg8 22. b3 Rac8 23. Qe3 Rc7 24. Rc1 Rdc8 25. f4 Be7 26. Kh1 Bc5 27. Qd3
f6 28. Nf3 Bd6 29. f5 Bxf3 30. Qxf3 exf5 31. Qd5+ 1-0

[Event "European Blitz 2015"]
[Site "Minsk BLR"]
[Date "2015.12.18"]
[Round "9.47"]
[White "Friesen, Viktor"]
[Black "Kashtanov, Ruslan"]
[Result "0-1"]
[BlackTitle "IM"]
[WhiteElo "2216"]
[BlackElo "2346"]
[WhiteFideId "12903086"]
[BlackFideId "4124871"]
[EventDate "2015.12.18"]
[EventType "swiss (blitz)"]

1. Nf3 c5 2. g3 Nc6 3. Bg2 g6 4. c4 Bg7 5. Nc3 e6 6. O-O Nge7 7. b3 d5 8. cxd5
exd5 9. Bb2 O-O 10. Na4 Bxb2 11. Nxb2 d4 12. Rc1 b6 13. d3 Re8 14. Nc4 Nd5 15.
Re1 Bb7 16. a3 Nc3 17. Qd2 b5 18. Nb2 Na5 19. Rxc3 dxc3 20. Qxc3 Qb6 21. Nd2
Bxg2 22. Kxg2 b4 23. axb4 Qxb4 24. Qf6 Nxb3 25. Nf3 Nd4 26. Rb1 Nxf3 27. Qxf3
Rab8 28. h4 h5 29. Qd5 Qg4 30. e3 Qb4 31. Qa2 a5 32. Kg1 a4 0-1

[Event "European Blitz 2015"]
[Site "Minsk BLR"]
[Date "2015.12.18"]
[Round "9.48"]
[White "Narva, Mai"]
[Black "Bulanov, Dmitri"]
[Result "0-1"]
[WhiteTitle "WIM"]
[BlackTitle "FM"]
[WhiteElo "2048"]
[BlackElo "2369"]
[WhiteFideId "4500512"]
[BlackFideId "13506382"]
[EventDate "2015.12.18"]
[EventType "swiss (blitz)"]

1. e4 c5 2. Nf3 e6 3. c3 Nc6 4. d4 cxd4 5. cxd4 d5 6. e5 Nge7 7. a3 Nf5 8. b4
Be7 9. Be3 O-O 10. Bd3 Nxe3 11. fxe3 f6 12. exf6 Bxf6 13. O-O a6 14. Nc3 Qd6 15.
Na4 e5 16. dxe5 Nxe5 17. Nxe5 Qxe5 18. Qe2 Bd7 19. Nb6 Rad8 20. Nxd5 Bg5 21. e4
Be6 22. Rxf8+ Rxf8 23. Rd1 b5 24. Bb1 g6 25. h3 Kg7 26. Ne3 Qg3 27. Nf1 Qxa3 28.
Qe1 Be7 0-1

[Event "European Blitz 2015"]
[Site "Minsk BLR"]
[Date "2015.12.18"]
[Round "9.49"]
[White "Sivuk, Vitaly"]
[Black "Barchuk, Irina"]
[Result "1-0"]
[WhiteTitle "GM"]
[WhiteElo "2552"]
[BlackElo "2044"]
[WhiteFideId "14116502"]
[BlackFideId "14119005"]
[EventDate "2015.12.18"]
[EventType "swiss (blitz)"]

1. d4 g6 2. e4 Bg7 3. Nc3 d6 4. f4 a6 5. Nf3 b5 6. Bd3 Nd7 7. e5 c5 8. Be4 Rb8
9. Qe2 dxe5 10. dxe5 e6 11. Be3 Qc7 12. O-O Ne7 13. Rad1 O-O 14. Rd6 Nb6 15. b3
Bb7 16. Bxb7 Rxb7 17. Ne4 c4 18. Rfd1 Ned5 19. g3 Nxe3 20. Qxe3 Nd5 21. Qc5 Rc8
22. Qxc7 Rbxc7 23. Rxa6 Nb4 24. Rb6 Nxa2 25. Rxb5 cxb3 26. cxb3 Nc3 27. Nxc3
Rxc3 28. Kg2 Bf8 29. Rb7 Rc2+ 30. Kh3 R2c7 31. Rxc7 Rxc7 32. Rd3 Bc5 33. Rc3 Bb6
34. Rxc7 Bxc7 35. b4 h6 36. b5 Kf8 37. Nd2 Ke7 38. Nc4 Kd7 39. Kg4 Bd8 40. Kf3
Ke7 41. g4 Kd7 42. Ke4 Bc7 43. h3 Bb8 44. f5 Bc7 45. f6 Bb8 46. Kd4 Ba7+ 47. b6
Bb8 48. Kc5 g5 49. Nd6 Bxd6+ 50. exd6 Kc8 51. Kc6 e5 52. b7+ Kb8 53. d7 1-0